000 00777cam a2200241 4500
001 ABS62370
008 000000n2000 000 0 eng u
035 _a(Sirsi) u106287
100 _aNelson, R.
245 _aDeath of the salesmen?
260 _c2000
490 _aProperty Week
_v 65(12) 19 May 2000, 40-42(3)
520 _aConsiders the impact on the surveying profession, particularly the threat of disintermediation, posed by the internet revolution. Looks at electronic rivals to agents.
590 _aABS
650 _aINTERNET
650 _aSURVEYING PROFESSION
650 _aDISINTERMEDIATION
650 _aRESIDENTIAL AGENCY
650 _aCOMMERCIAL AGENCY
650 _aPROPERTY LISTINGS
690 _aPROPERTY AND LAND LAW-AGENCY
942 _n0
999 _c63652
_d63652